00600nam a22002057a 450000500170000001000130001702000250003003500130005503700160006804000120008408200160009610000250011224500670013726000570020427000430026130000250030450000190032965000260034865000200037420170124105934.0 aB-107597 c00.00a9780070474475 aB-107597 bCen Lib/Ret aDPLbEN a005.13bPAL aBal, Harshwardhan P. aPerl programming for bioinformatics /cby Harshawardhan P. Bal aNew DelhibTata McGraw Hill Publishing Companyc2003 b New Delhia7 West Patel Nagare110020 axix, 395p.c21cm(Hb) aIncludes index aProgramming languages aBioinformatics